All Bas Songs - Statistics

General Stats
  • This quiz has been taken 17 times
    7 since last reset
  • The average score is 29 of 100
Answer Stats
Album Song % Correct
Revenge of the Dreamers B***hez
100%
Last Winter Last Winter
75%
[BUMP] Pick Me Up [The Jackie]
75%
Milky Way Tribe
75%
Milky Way Boca Raton
50%
Last Winter Building Blocks (Interlude)
50%
Last Winter Charles De Gaulle to JFK
50%
Revenge of the Dreamers III Costa Rica
50%
Too High to Riot Dopamine
50%
Revenge of the Dreamers III Down Bad
50%
Last Winter Fiji Water in My Iron
50%
Spilled Milk 1 Fried Rice
50%
Revenge of the Dreamers II Housewives
50%
Milky Way Icarus
50%
Spilled Milk 1 Jollof Rice
50%
Last Winter | Quarter Water Raised Me Vol. 2 Lit
50%
Too High to Riot Methylone
50%
Quarter Water Raised Me Vol. I Mook
50%
Last Winter Mook in New Mexico
50%
Last Winter My N***a Just Made Bail
50%
Last Winter New World Order
50%
Revenge of the Dreamers II | Too High to Riot Night Job
50%
Milky Way Purge
50%
Too High to Riot Too High to Riot
50%
Quarter Water Raised Me Vol. I 3 Rules
25%
Quarter Water Raised Me Vol. 2 Amazonian Queen
25%
Spilled Milk 1 Amnesia
25%
Quarter Water Raised Me Vol. 2 Attica
25%
Milky Way Barack Obama Special
25%
Quarter Water Raised Me Vol. 2 Black & Blue
25%
Too High to Riot Black Owned Business
25%
Two Weeks Notice City of the Empire
25%
Too High to Riot Clouds Never Get Old
25%
Quarter Water Raised Me Vol. 2 Cousins
25%
Quarter Water Raised Me Vol. I Degenerate Confederate
25%
Milky Way Designer
25%
Quarter Water Raised Me Vol. I Divorce
25%
Last Winter Donk of the Day
25%
Revenge of the Dreamers III Don't Hit Me Right Now
25%
Quarter Water Raised Me Vol. 2 Dying Fast
25%
[BUMP] Pick Me Up [Eyes on You]
25%
Quarter Water Raised Me Vol. 2 Fiends in Hamsterdam
25%
Milky Way Fragrance
25%
Milky Way Front Desk
25%
Revenge of the Dreamers Golden Goals
25%
Milky Way Great Ones
25%
Two Weeks Notice Happy
25%
Quarter Water Raised Me Vol. 2 Highs / Illegal in America
25%
Quarter Water Raised Me Vol. 2 I Ain't Da One
25%
Milky Way Infinity
25%
Milky Way Infinity+2
25%
Quarter Water Raised Me Vol. I Legendary
25%
D-Day: A Gangsta Grillz Mixtape Lifestyle
25%
Too High to Riot Live For
25%
Quarter Water Raised Me Vol. 2 Love Souvenir
25%
Quarter Water Raised Me Vol. 2 Lows
25%
Too High to Riot Matches
25%
Too High to Riot Miles and Miles
25%
Quarter Water Raised Me Vol. I Moment for Life
25%
Quarter Water Raised Me Vol. 2 Mook II
25%
Two Weeks Notice Move That Dope
25%
Last Winter N***a on the Dos, The Most Interesting Man in the World
25%
Spilled Milk 1 Nirvana
25%
Single Passport Bros
25%
Milky Way PDA
25%
Too High to Riot Penthouse
25%
Quarter Water Raised Me Vol. 2 Pinball
25%
Two Weeks Notice Red Hot Car
25%
Too High to Riot Ricochet
25%
Milky Way Sanufa
25%
Revenge of the Dreamers III Self Love
25%
Milky Way Spaceships + Rockets
25%
Quarter Water Raised Me Vol. 2 Stronger
25%
Quarter Water Raised Me Vol. 2 That's My Story
25%
[BUMP] Pick Me Up [The Others]
25%
Two Weeks Notice The People
25%
Quarter Water Raised Me Vol. I Trip
25%
Last Winter Vacation
25%
Two Weeks Notice We Made It
25%
Quarter Water Raised Me Vol. I Work
25%
Last Winter Your World
25%
Quarter Water Raised Me Vol. I 2nd Childhood
0%
[BUMP] Pick Me Up [Admire You]
0%
Revenge of the Dreamers Ceelo With the G's
0%
Quarter Water Raised Me Vol. I Fiendest Girl
0%
Quarter Water Raised Me Vol. I Get It Hoe
0%
D-Day: A Gangsta Grillz Mixtape Jozi Flows
0%
Quarter Water Raised Me Vol. I Layla
0%
Revenge of the Dreamers III No Chorus
0%
Creed III: The Soundtrack Ogogoro
0%
Revenge of the Dreamers III Outta Pocket
0%
Quarter Water Raised Me Vol. I Prelude
0%
Quarter Water Raised Me Vol. 2 Shorty Baby
0%
Quarter Water Raised Me Vol. I Skyline
0%
Revenge of the Dreamers III Spin Move
0%
Revenge of the Dreamers II Tabs
0%
Quarter Water Raised Me Vol. I Walk in My Shoes
0%
Quarter Water Raised Me Vol. I Whistle
0%
No matching quizzes found
Score Distribution
Percent of People with Each Score
Percentile by Number Answered
Your Score History
You have not taken this quiz since the last reset